| 000 | 00625cab a2200193 4500 | ||
|---|---|---|---|
| 001 | ABS41059 | ||
| 008 | 090401t1989 xxu||||| |||| 00| 0 eng d | ||
| 035 | _a(Sirsi) u27921 | ||
| 041 | _aeng | ||
| 100 | _aDurkacz, V. | ||
| 245 | _aStepping around the Black Hole | ||
| 260 | _c1989 | ||
| 350 | _a0 | ||
| 490 |
_aTaxation _v123(3206) 29 June 1989, 374-378(4) |
||
| 520 | _aConsiders problems concerning the recovery of input tax for the period 1 April 1989 to 31 July 1989 in the light of the introduction of VAT on new civil engineering and construction . | ||
| 690 | _aTAXATION | ||
| 942 | _n0 | ||
| 948 | _c04/03/1997 | ||
| 999 |
_c18822 _d18822 |
||